Miguel Trelles (Record no. 1831)

MARC details
000 - LÍDER
campo de control de longitud fija 00935nam a2200217Ia 4500
008 - ELEMENTOS DE DATOS DE LONGITUD FIJA - INFORMACIÓN GENERAL
campo de control de longitud fija 0000002002 usa 0000000000eng00
090 ## - NÚMERO DE LLAMADA DE TIPO LC LOCALMENTE ASIGNADO (OCLC)
Número de clasificación (OCLC) (R) PPR00 T72m
100 1# - ENTRADA PRINCIPAL - NOMBRE PERSONAL
Nombre de la persona Trelles, Miguel
245 10 - TÍTULO DECLARACIÓN
Título Miguel Trelles
Resto del título : siglo xxI, delirio líquido = xxI century, liquid delirium
Declaración de responsabilidad / fotografías Alfonso Paredes
260 ## - PUBLICACIÓN, DISTRIBUCIÓN
Lugar de publicación New York : Centro Cultural y Educativo Clemente Soto Vélez
Fecha de publicación 2002
300 ## - DESCRIPCIÓN FÍSICA
Alcance 21 p.
Dimensiones / 26 cm.
500 ## - NOTA GENERAL
Nota general Exposición realizada en Galería de Arte Nader, Santo Domingo, Diciembre 527, 2002 \ Con el patronazgo del maestro venezolano Jesús Rafael Soto (q.e.p.d.)
600 00 - ENTRADA DE SUJETO AÑADIDO - NOMBRE PERSONAL
Nombre de la persona TRELLES, MIGUEL/
Subdivisión general TRABAJOS PICTORICOS
650 14 - ENTRADA DE SUJETO AÑADIDO - TÉRMINO TÓPICO
Término tópico o elemento de entrada del nombre geográfico ARTE CONTEMPORANEO PUERTORRIQUEÑO
650 14 - ENTRADA DE SUJETO AÑADIDO - TÉRMINO TÓPICO
Subdivisión general CATALOGOS
650 14 - ENTRADA DE SUJETO AÑADIDO - TÉRMINO TÓPICO
Subdivisión general EXPOSICIONES
650 14 - ENTRADA DE SUJETO AÑADIDO - TÉRMINO TÓPICO
Término tópico o elemento de entrada del nombre geográfico PINTORES PUERTORRIQUEÑOS
650 14 - ENTRADA DE SUJETO AÑADIDO - TÉRMINO TÓPICO
Término tópico o elemento de entrada del nombre geográfico PINTURA PUERTORRIQUEÑA
700 1# - ENTRADA AGREGADA - NOMBRE PERSONAL
Nombre de la persona Paredes, Alonso
Holdings
Estado de retirada Pérdida de estatus Estado dañado No para préstamo Código de recogida Ubicación permanente Ubicación actual Ubicación de las estanterías Fecha de adquisición Número de llamada completo Código de barras Fecha de la última vez que se vio Número de copia Precio efectivo desde Tipo de artículo Koha
        General ArtNexus ArtNexus General 06/09/2022 P-PR-00 T72M 1831 06/09/2022 Ej.1 06/09/2022 Libro

Powered by Koha